Spam Spam - Statistics

General Stats
  • This quiz has been taken 457 times
  • The average score is 11 of 15
Answer Stats
Spam % Correct
Spam
100%
Spam
96%
Spam
88%
Spam
87%
Spam
85%
Spam
81%
Spam
76%
Spam
74%
Spam
70%
Spam
67%
Spam
64%
Spam
60%
Spam
58%
Spam
53%
Spam
46%
No matching quizzes found
Score Distribution
Percent of People with Each Score
Percentile by Number Answered
Your Score History
You have not taken this quiz